000 00983cam a2200325 a 4500
001 6932160
003 USPCAS-E
005 20180118181416.0
008 080227s2008 gw a b 001 0 eng
020 _a9783527406586 (hbk.)
020 _a3527406581 (hbk.)
024 _a40015926832
035 _a(OCoLC)ocn241006929
035 _a(OCoLC)241006929
035 _a(NNC)6932160
040 _aUKM
_cUKM
_dBAKER
_dBWX
_dWTU
042 _aukblcatcopy
050 4 _aQC173.4.C74
_bI92 2008
082 0 4 _a530.474
_222
_bIVA-C 2008
100 1 _aIvanov, Dmitry Yu.
245 1 0 _aCritical behavior of non-ideal systems /
_cDmitry Yu. Ivanov.
260 _aWeinheim :
_bWiley-VCH ;
_a[Chichester :
_bJohn Wile, distributor],
_c2008.
300 _axiv, 257 p. :
_bill. ;
_c25 cm.
502 _a0
504 _aIncludes bibliographical references and index.
650 0 _aCritical phenomena (Physics)
942 _2ddc
_cBK
948 1 _a20081121
_bc
_cvt2130
_dMPS
999 _c355876
_d355876